<?xml version="1.0" encoding="UTF-8"?>
<collection xmlns="http://www.loc.gov/MARC21/slim">
  <record>
    <leader>00000nam  2200000   4500</leader>
    <controlfield tag="001">INLIS000000000020595</controlfield>
    <controlfield tag="005">20250723033517</controlfield>
    <datafield tag="035" ind1="#" ind2="#">
      <subfield code="a">0010-0725000125</subfield>
    </datafield>
    <controlfield tag="007">ta</controlfield>
    <controlfield tag="008">250723################|##########|#|##</controlfield>
    <datafield tag="084" ind1="#" ind2="#">
      <subfield code="a">R 0007 PKA 2024</subfield>
    </datafield>
    <datafield tag="100" ind1=" " ind2="#">
      <subfield code="a">Iman Arisudana</subfield>
    </datafield>
    <datafield tag="245" ind1="1" ind2="#">
      <subfield code="a">Optimalisasi Layanan Penilaian Kompetensi ASN Melalui Pelayanan Edukatif dan Kolaboratif /</subfield>
      <subfield code="c">Iman Arisudana</subfield>
    </datafield>
    <datafield tag="260" ind1="#" ind2="#">
      <subfield code="a">Jakarta :</subfield>
      <subfield code="b">Pusbangkom Pimnas dan Manajerial ASN,</subfield>
      <subfield code="c">2024</subfield>
    </datafield>
    <datafield tag="300" ind1="#" ind2="#">
      <subfield code="a">43 hlm. ;</subfield>
      <subfield code="c">30 cm</subfield>
    </datafield>
    <datafield tag="650" ind1="#" ind2="4">
      <subfield code="a">Kompetensi ASN</subfield>
    </datafield>
    <datafield tag="520" ind1="#" ind2="#">
      <subfield code="a">Sebagai salah satu motor penggerak manajemen ASN berbasis kompetensi, BLPK Puslatbang PKASN harus mampu menjawab tantangan perkembangan lingkungan strategis, termasuk tuntutan kebijakan makro di Indonesia. BLPK harus hadir dan mengawal implementasi kebijakan lingkup manajemen ASN, diantaranya penerapan manajemen dan mobilisasi talenta ASN.</subfield>
    </datafield>
    <datafield tag="990" ind1="#" ind2="#">
      <subfield code="a">2024/1.2.3/A/0007</subfield>
    </datafield>
  </record>
</collection>
